000 00616nam a2200217Ia 4500
999 _c41230
_d41230
001 7882
003 GE_BSU
005 20220928114001.0
008 181216s2010fe xx |||||||||||||| ||fre||
020 _a9782290339824
040 _cGE_BSU
041 _afre
080 _a821.133.1 D-25
100 _aDaudet,Alphonse
_914879
245 _aAventures prodigieuses de Tartarin de Tarascon /
_cAlphonse Daudet
264 _aParis :
_bLibrio,
_c2010.
300 _a120 p.:
_c20 cm.
653 _aAventures prodigieuses de Tartarin de Tarascon
653 _aფრანგული პროზა.
942 _cBK
_2udc